000 00579nam a2200217Ia 4500
005 20260429111919.0
008 260429s9999||||xx |||||||||||||| ||und||
020 _a9789392969706
041 _aEnglish
082 _a635.9823
_bJAD
100 _aJadhav, Shridevi
245 0 _aTemperate vegetables /
_cShridevi Jadhav
260 _aNew Delhi :
_bAgri Horti Press,
_c2025.
300 _aix, 310 p.; hb
650 _a Edible fruits
650 _a Temperate vegetables
650 _aVegetables
700 _a Balan, Gagandeep
700 _a Pandey, Sanchit
942 _cTB
999 _c51403
_d51403